Online katalóg knižníc regiónu Turca

Myslím, že ťa ľúbim (Record no. 22290)

MARC details
000 -LEADER
fixed length control field 01642cam a2200433 a 4500
001 - CONTROL NUMBER
control field 22290
003 - CONTROL NUMBER IDENTIFIER
control field VRT
005 - DATE AND TIME OF LATEST TRANSACTION
control field 20260325124642.0
008 - FIXED-LENGTH DATA ELEMENTS--GENERAL INFORMATION
fixed length control field 240314s2011 xo 000 f slo
015 ## - NATIONAL BIBLIOGRAPHY NUMBER
National bibliography number SNBA2012/02-00613
020 ## - INTERNATIONAL STANDARD BOOK NUMBER
International Standard Book Number 9788055124865
Qualifying information (viaz.)
035 ## - SYSTEM CONTROL NUMBER
System control number 6B793B10-AAD2-44E2-8870-0A8371AE51EF
035 ## - SYSTEM CONTROL NUMBER
System control number urn:nbn:sk:snk-amjiiv
035 ## - SYSTEM CONTROL NUMBER
System control number urn:nbn:sk:snk-am002gqd
039 #9 - LEVEL OF BIBLIOGRAPHIC CONTROL AND CODING DETAIL [OBSOLETE]
Level of rules in bibliographic description 202403140846
Level of effort used to assign nonsubject heading access points VLOAD
Level of effort used to assign subject headings 202107051349
Level of effort used to assign classification AUTHORITY
Level of effort used to assign subject headings 201902041446
Level of effort used to assign classification AUTHORITY
Level of effort used to assign subject headings 201508271403
Level of effort used to assign classification VLOAD
040 ## - CATALOGING SOURCE
Original cataloging agency SVKBB
Language of cataloging slo
Transcribing agency SVKBB
Modifying agency PPPK
-- SNK
Description conventions AACR2
041 0# - LANGUAGE CODE
Language code of text/sound track or separate title slo
Language code of original eng
044 ## - COUNTRY OF PUBLISHING/PRODUCING ENTITY CODE
MARC country code xo
ISO country code SK
072 #7 - SUBJECT CATEGORY CODE
Subject category code 821.111
Subject category code subdivision Anglická literatúra, anglicky písaná
Source konspekt
080 ## - UNIVERSAL DECIMAL CLASSIFICATION NUMBER
Universal Decimal Classification number 821.111-31
Edition identifier 2 2001
100 1# - MAIN ENTRY--PERSONAL NAME
Personal name Pearson, Allison,
Dates associated with a name 1960-
Relationship aut
240 10 - UNIFORM TITLE
Uniform title I think i love you
Language of a work Slovensky
245 10 - TITLE STATEMENT
Title Myslím, že ťa ľúbim
Statement of responsibility, etc. Allison Pearsonová ; [z anglického originálu preložila Oľga Hlaváčová]
250 ## - EDITION STATEMENT
Edition statement [1. vyd.]
260 ## - PUBLICATION, DISTRIBUTION, ETC.
Place of publication, distribution, etc. Bratislava
Name of publisher, distributor, etc. Ikar
Date of publication, distribution, etc. 2011
300 ## - PHYSICAL DESCRIPTION
Extent 358 s.
Dimensions 21 cm
655 #7 - INDEX TERM--GENRE/FORM
Genre/form data or focus term anglické romány
Source of term SNKPH
655 #7 - INDEX TERM--GENRE/FORM
Genre/form data or focus term English fiction
Source of term SNKPHeng
700 1# - ADDED ENTRY--PERSONAL NAME
Personal name Hlaváčová, Oľga
Titles and other words associated with a name (prekladateľka)
Relationship trl
942 ## - ADDED ENTRY ELEMENTS (KOHA)
Source of classification or shelving scheme Dewey Decimal Classification
Koha item type Krásna literatúra pre dospelých
Suppress in OPAC No
949 ## - LOCAL PROCESSING INFORMATION (OCLC)
6 270001000384975
a svkbbA 132229
b svkbbm 720485
949 ## - LOCAL PROCESSING INFORMATION (OCLC)
6 17A0717089
a snkSC 146588
b snk2011/18319
o 1919/11
949 ## - LOCAL PROCESSING INFORMATION (OCLC)
6 17A0718339
a snkSC 146588 D1
b snk2011/19661
o 1919/11
s 6100:20140925
949 ## - LOCAL PROCESSING INFORMATION (OCLC)
6 2889175788
a savukPV 15590
b savuk2011/5389
949 ## - LOCAL PROCESSING INFORMATION (OCLC)
6 3869A19745
a bpksh821.111-31
b bpksh60050
949 ## - LOCAL PROCESSING INFORMATION (OCLC)
6 273K0561528
a svkpoA 218434
b svkpo563692
980 ## - EQUIVALENCE OR CROSS-REFERENCE-SERIES STATEMENT--PERSONAL NAME/TITLE [LOCAL, CANADA]
Personal name 821.111-31
Holdings
Stav vyradenia Strata Poškodenie Spôsob nadobudnutia Domovská knižnica Aktuálna knižnica Dátum nadobudnutia Cena Total checkouts Čiarový kód exemplára Date last seen Typ exemplára
      Kúpa Obecná knižnica Horná Štubňa Obecná knižnica Horná Štubňa 25.03.2026 9.90   9788055124865 25.03.2026 Krásna literatúra pre dospelých
Projekt je podporený Slovenskou asociáciou knižníc
Prevádzkuje Turčianska knižnica Martin 2026